000
00333nam a22001457a 4500
008
250417b ||||| |||| 00| 0 eng d
020
_a
9789951058209
041
_a
SHQIP
080
_2
2023
_a
82AUR
082
_2
82AUR
_a
82AUR
100
_a
01
101
_a
GJUHE SHQIPE
245
_a
MEDITIMET
_c
MARCUS AURELIUS
942
_2
udc
_c
BK
999
_c
60664
_d
60664